Advanced engineering mathematics
This clear, pedagogically rich book develops a strong understanding of the mathematical principles and practices that today's engineers need to know. Equally as effective as either a textbook or reference manual, it approaches mathematical concepts from an engineering perspective, making physic...
Gespeichert in:
| 1. Verfasser: | |
|---|---|
| Format: | Buch |
| Sprache: | Undetermined |
| Veröffentlicht: |
Upper Saddle River, New Jersey
Prentice-Hall
1998
|
| Schlagworte: | |
| Tags: |
Tag hinzufügen
Keine Tags, Fügen Sie den ersten Tag hinzu!
|
| Thư viện lưu trữ: | Trung tâm Học liệu Trường Đại học Cần Thơ |
|---|
| LEADER | 01083nam a2200205Ia 4500 | ||
|---|---|---|---|
| 001 | CTU_32484 | ||
| 008 | 210402s9999 xx 000 0 und d | ||
| 020 | |b 370000 | ||
| 082 | |a 510 | ||
| 082 | |b G793 | ||
| 100 | |a Greenberg, Michael D. | ||
| 245 | 0 | |a Advanced engineering mathematics | |
| 245 | 0 | |c Michael D. Greenberg | |
| 260 | |a Upper Saddle River, New Jersey | ||
| 260 | |b Prentice-Hall | ||
| 260 | |c 1998 | ||
| 520 | |a This clear, pedagogically rich book develops a strong understanding of the mathematical principles and practices that today's engineers need to know. Equally as effective as either a textbook or reference manual, it approaches mathematical concepts from an engineering perspective, making physical applications more vivid and substantial. Its comprehensive instructional framework supports a conversational, down-to-earth narrative style, offering easy accessibility and frequent opportunities for application and reinforcement. | ||
| 650 | |a Engineering mathematics | ||
| 904 | |i Minh, Hải | ||
| 980 | |a Trung tâm Học liệu Trường Đại học Cần Thơ | ||